Pharmacotherapy Casebook:apatient-focused Approach (Record no. 5831)
[ view plain ]
| 000 -LEADER | |
|---|---|
| fixed length control field | 00601nam a22002057a 4500 |
| 003 - CONTROL NUMBER IDENTIFIER | |
| control field | OSt |
| 005 - DATE AND TIME OF LATEST TRANSACTION | |
| control field | 20170419194338.0 |
| 008 - FIXED-LENGTH DATA ELEMENTS--GENERAL INFORMATION | |
| fixed length control field | 170419b xxu||||| |||| 00| 0 eng d |
| 020 ## - INTERNATIONAL STANDARD BOOK NUMBER | |
| International Standard Book Number | 978-0-0-07-148835-8 |
| 040 ## - CATALOGING SOURCE | |
| Original cataloging agency | DMLN |
| Transcribing agency | MLN |
| 082 ## - DEWEY DECIMAL CLASSIFICATION NUMBER | |
| Classification number | WB330, p494p,2009 |
| 100 ## - MAIN ENTRY--PERSONAL NAME | |
| Personal name | Schwinghammer ,Terry l. Koehler,Julia M. |
| 9 (RLIN) | 12107 |
| 245 ## - TITLE STATEMENT | |
| Title | Pharmacotherapy Casebook:apatient-focused Approach |
| 250 ## - EDITION STATEMENT | |
| Edition statement | 7th ed. |
| 260 ## - PUBLICATION, DISTRIBUTION, ETC. (IMPRINT) | |
| Place of publication, distribution, etc. | NewYork;McGrawHillMedical |
| 300 ## - PHYSICAL DESCRIPTION | |
| Other physical details | xxi,407;ill.-27cm |
| 504 ## - BIBLIOGRAPHY, ETC. NOTE | |
| Bibliography, etc | includes appendix and references |
| 650 ## - SUBJECT ADDED ENTRY--TOPICAL TERM | |
| Topical term or geographic name as entry element | pharmacotherapy |
| 9 (RLIN) | 12081 |
| 942 ## - ADDED ENTRY ELEMENTS (KOHA) | |
| Source of classification or shelving scheme | Other/Generic Classification Scheme |
| Koha item type | Short Loan |
| Call number prefix | 11/00190 |
| Withdrawn status | Lost status | Source of classification or shelving scheme | Damaged status | Not for loan | Home library | Current library | Date acquired | Source of acquisition | Inventory number | Total Checkouts | Full call number | Barcode | Date last seen | Price effective from | Koha item type |
|---|---|---|---|---|---|---|---|---|---|---|---|---|---|---|---|
| Other/Generic Classification Scheme | MUST Main Library | MUST Main Library | 19/04/2017 | WB330, p494p,2009 | 19/04/2017 | 19/04/2017 | Short Loan | ||||||||
| Other/Generic Classification Scheme | MUST Main Library | MUST Main Library | 19/04/2017 | WB330, p494p,2009 | 19/04/2017 | 19/04/2017 | Short Loan | ||||||||
| Other/Generic Classification Scheme | Pharmacy Department Library | Pharmacy Department Library | 19/04/2017 | 11/00190 | WB330, p494p,2009 | 2017-0811 | 19/04/2017 | 19/04/2017 | Short Loan | ||||||
| Other/Generic Classification Scheme | Pharmacy Department Library | Pharmacy Department Library | 19/04/2017 | 11/00191 | WB330, p494p,2009 | 2017-0812 | 19/04/2017 | 19/04/2017 | Short Loan |
